000 01372nam a2200313Ia 4500
001 ebr10326843
003 CaPaEBR
006 m u
007 cr cn|||||||||
008 020620s2002 enka sb 001 0 eng d
020 _z9780761940784
020 _z0761940774
020 _z0761940782
040 _aCaPaEBR
_cCaPaEBR
035 _a(OCoLC)669511211
050 1 4 _aLC4803.G7
_bR55 2002eb
100 1 _aRiley, Kathryn A.
245 1 0 _aWorking with disaffected students
_h[electronic resource] :
_bwhy students lose interest in school and what we can do about it /
_cKathryn A. Riley and Elle Rustique-Forrester, with Mary Fuller ... [et al.].
260 _aLondon ;
_aThousand Oaks, CA :
_bPaul Chapman,
_c2002.
300 _axiv, 114 p. :
_bill.
504 _aIncludes bibliographical references (p. [105]-109) and index.
533 _aElectronic reproduction.
_bPalo Alto, Calif. :
_cebrary,
_d2009.
_nAvailable via World Wide Web.
_nAccess may be limited to ebrary affiliated libraries.
650 0 _aProblem children
_xEducation
_zGreat Britain.
650 0 _aAlienation (Social psychology)
_zGreat Britain.
655 7 _aElectronic books.
_2local
700 1 _aRustique-Forrester, Elle.
710 2 _aebrary, Inc.
856 4 0 _uhttp://site.ebrary.com/lib/rucke/Doc?id=10326843
_zAn electronic book accessible through the World Wide Web; click to view
999 _c56108
_d56108